| 000 | 00635nac a22001811u 4500 | ||
|---|---|---|---|
| 010 | _a 93078635 | ||
| 020 | _a0395539986 | ||
| 082 | 0 | 0 |
_a338.5 _bG868 |
| 090 |
_c4256 _d4256 |
||
| 100 | _aGrinols, Earl L., | ||
| 245 | 1 | 0 |
_aMicroeconomics / _cEarl L. Grinols. |
| 260 |
_aBoston : _bHoughton Mifflin, _cc1994. |
||
| 300 |
_axxxii, 711 p. : _bill. (some col.) ; _c24 cm. |
||
| 504 | _aIncludes bibliographical references and index. | ||
| 650 | 0 | _aMicroeconomics. | |
| 942 |
_cBB _k338.5G868 |
||
| 999 |
_c4256 _d4256 |
||